| 000 | 00718nam a2200205 a 4500 | ||
|---|---|---|---|
| 005 | 20210223123655.0 | ||
| 008 | 991125s1996 es 000 0 spa u | ||
| 020 | _a8487330223 | ||
| 035 | _aUPN01000057710 | ||
| 049 | _aCG | ||
| 050 | 4 |
_aGV362 _bS3.8 1996 |
|
| 100 | 1 |
_aSebastiani i Obrador, Enric M. _929989 |
|
| 245 | 1 | 0 |
_aUnidades didácticas para secundaria II : _bcómo somos y cómo mejoramos : ¿corremos como los olímpicos? / _cEnric M. Sebastiani i Obrador. |
| 250 | _a2a ed. | ||
| 260 |
_aBarcelona, Esp. : _bINDE, _c1996. |
||
| 300 |
_a159 p. : _bil. |
||
| 440 | 3 | _aLa educación física en reforma | |
| 650 | 4 |
_aEDUCACION FISICA - _xESTUDIO Y ENSEÑANZA (SECUNDARIA) - _zESPAÑA _917133 |
|
| 905 | _aLibro | ||
| 999 |
_c57710 _d57710 |
||